<?xml version="1.0" encoding="UTF-8"?><?xml-stylesheet type="text/xsl" href="static/style.xsl"?><OAI-PMH xmlns="http://www.openarchives.org/OAI/2.0/" xmlns:xsi="http://www.w3.org/2001/XMLSchema-instance" xsi:schemaLocation="http://www.openarchives.org/OAI/2.0/ http://www.openarchives.org/OAI/2.0/OAI-PMH.xsd"><responseDate>2026-04-17T01:06:20Z</responseDate><request verb="GetRecord" identifier="oai:www.recercat.cat:2117/125007" metadataPrefix="marc">https://recercat.cat/oai/request</request><GetRecord><record><header><identifier>oai:recercat.cat:2117/125007</identifier><datestamp>2025-07-17T15:39:52Z</datestamp><setSpec>com_2072_1033</setSpec><setSpec>col_2072_452951</setSpec></header><metadata><record xmlns="http://www.loc.gov/MARC21/slim" xmlns:dcterms="http://purl.org/dc/terms/" xmlns:xsi="http://www.w3.org/2001/XMLSchema-instance" xmlns:doc="http://www.lyncode.com/xoai" xsi:schemaLocation="http://www.loc.gov/MARC21/slim http://www.loc.gov/standards/marcxml/schema/MARC21slim.xsd">
   <leader>00925njm 22002777a 4500</leader>
   <datafield ind2=" " ind1=" " tag="042">
      <subfield code="a">dc</subfield>
   </datafield>
   <datafield ind2=" " ind1=" " tag="720">
      <subfield code="a">Pascual Cuenca, Enric</subfield>
      <subfield code="e">author</subfield>
   </datafield>
   <datafield ind2=" " ind1=" " tag="260">
      <subfield code="c">2018-05</subfield>
   </datafield>
   <datafield ind2=" " ind1=" " tag="520">
      <subfield code="a">Injection molding is the most commonly manufacturing process used for the fabrication of plastic parts. Different products can be manufactured using injection molding which vary greatly in their size, complexity and application. Automotive industry is the most important sector that uses this technology. A wide variety of additives are used to modify the raw polymers and achieve new properties. Nanoadditives and nanoclays specifically, are used to improve various physical properties, such as reinforcement, synergistic flame retardant and barrier.&#xd;
This work is focused on the study the different parameters in the injection molding process in order to optimize the process using a specific grade of polypropylene and a specific grade of nanoclay. The main goal of the project is to improve the flexural modulus of the studied part using a lineal model taking into account the behavior the selected parameters.</subfield>
   </datafield>
   <datafield tag="653" ind2=" " ind1=" ">
      <subfield code="a">Àrees temàtiques de la UPC::Enginyeria química</subfield>
   </datafield>
   <datafield tag="653" ind2=" " ind1=" ">
      <subfield code="a">Polymers--Testing</subfield>
   </datafield>
   <datafield tag="653" ind2=" " ind1=" ">
      <subfield code="a">Polímers -- Proves</subfield>
   </datafield>
   <datafield ind2="0" ind1="0" tag="245">
      <subfield code="a">Injection molding optimization in order to improve the dispersion of the nanoclays</subfield>
   </datafield>
</record></metadata></record></GetRecord></OAI-PMH>